000 00642nam a2200253 i 4500
001 C2-0258577
003 PPAK
005 20180727225201.0
008 041007s2002 xx |||| ||||| | eng d
020 _a0316174688
040 _aPPAK
_beng
_cPPAK
_erda
082 0 4 _a823
_223
090 0 0 _a823
_bBEN
_dG
100 1 _aBennett, Cherie,
_eauthor
245 1 0 _aSmallville :
_bflight
264 1 _bLittle, Brown and Company ,
_c2002
300 _a175 pages ;
_c17 cm
336 _2rdacontent
_atext
337 _2rdamedia
_aunmediated
338 _2rdacarrier
_avolume
650 1 0 _aEnglish fiction
700 _eauthor
942 _ddc
_cB
999 _c70153
_d70153